000 00765cab a2200253 4500
001 WB3038-34
008 090401t1994 xxu||||| |||| 00| 0 eng d
035 _a(Sirsi) u66687
041 _aeng
245 _aUlster house price rise
260 _c1994
350 _a0
490 _aIndependent
_v12 October 1994, 29
490 _aTimes
_v12 October 1994, 41(1)
520 _aHalifax Building Society finds that house prices are unlikely to recover until spring 1995, with the exception of Ulster where house prices rose by more than 8% in 3Q.
650 _aHALIFAX BUILDING SOCIETY
650 _aHOUSE PRICES
650 _aHOUSING MARKET
650 _aNORTHERN IRELAND
650 _aULSTER
690 _aHOUSING
942 _n0
948 _c04/03/1997
999 _c41657
_d41657